[Event "Penang op-A 9th"]
[Site "Penang"]
[Date "2017.12.08"]
[Round "8"]
[White "Mohite, Ranveer"]
[Black "Chan, Yi Meng Ryan"]
[Result "1/2-1/2"]
[WhiteElo "2045"]
[BlackElo "1859"]
[PlyCount "87"]
[EventDate "2017.12.04"]
[EventType "swiss"]
[EventRounds "9"]
[EventCountry "MAS"]
[SourceTitle "CBM 182 Extra"]
[Source "ChessBase"]
[SourceDate "2018.02.23"]
[SourceVersion "1"]
[SourceVersionDate "2018.02.23"]
[SourceQuality "1"]

1. e4 e6 2. d4 d5 3. Nc3 Nf6 4. Bg5 Bb4 5. e5 h6 6. Bd2 Bxc3 7. bxc3 Ne4 8. Qg4 Kf8 9. Bd3 Nxd2 10. Kxd2 c5 11. Nf3 c4 12. Be2 Nc6 13. h4 b5 14. a3 a5 15. Qf4 Qe7 16. Rh3 Rb8 17. h5 b4 18. axb4 axb4 19. Nh4 Ke8 20. Qe3 Kd8 21. Nf3 b3 22. cxb3 Rxb3 23. Bd1 Rb2+ 24. Bc2 Qb7 25. Rg3 Ne7 26. Nh4 Qb3 27. Rc1 Bd7 28. Kd1 Rxc2 29. Rxc2 Ba4 30. Qc1 Rg8 31. Kd2 Qxc2+ 32. Qxc2 Bxc2 33. Kxc2 g5 34. hxg6 fxg6 35. f4 Ke8 36. Re3 Nf5 37. Rh3 Kf7 38. g4 Nxh4 39. Rxh4 Kg7 40. Rh1 Ra8 41. Kb2 Rb8+ 42. Kc2 Ra8 43. Kb2 Rb8+ 44. Kc2 1/2-1/2

[Event "Penang op-A 9th"]
[Site "Penang"]
[Date "2017.12.06"]
[Round "4"]
[White "Poh, Xuan Rui Ethan"]
[Black "Mohite, Ranveer"]
[Result "0-1"]
[WhiteElo "1814"]
[BlackElo "2045"]
[PlyCount "158"]
[EventDate "2017.12.04"]
[EventType "swiss"]
[EventRounds "9"]
[EventCountry "MAS"]
[SourceTitle "CBM 182 Extra"]
[Source "ChessBase"]
[SourceDate "2018.02.23"]
[SourceVersion "1"]
[SourceVersionDate "2018.02.23"]
[SourceQuality "1"]

1. e4 c5 2. Nf3 d6 3. d4 cxd4 4. Nxd4 Nf6 5. Nc3 Nc6 6. Bg5 e6 7. Qd2 a6 8. 0-0-0 Bd7 9. f4 b5 10. Nxc6 Bxc6 11. Bd3 b4 12. Ne2 Qb6 13. Bxf6 gxf6 14. Rhf1 h5 15. Qe1 a5 16. Kb1 a4 17. f5 e5 18. c3 Bh6 19. cxb4 a3 20. b3 Rc8 21. Bc2 Bb5 22. Bd3 Bc6 23. Nc3 Be3 24. b5 Bb7 25. Bc4 Bd4 26. Na4 Qa7 27. Qe2 Rxc4 28. Qxc4 Bxe4+ 29. Rd3 Ke7 30. Kc1 Bxd3 31. Qxd3 Qa8 32. Qe2 Rg8 33. g3 h4 34. g4 Qd5 35. Rd1 Rc8+ 36. Kb1 Be3 37. Nb2 Qe4+ 38. Nd3 d5 39. Qe1 Kf8 40. Qb4+ Qxb4 41. Nxb4 d4 42. Nd5 Bg5 43. b6 Rd8 44. Nb4 Rb8 45. Nd5 Ke8 46. Kc2 Kd7 47. Kd3 Kc6 48. Ke4 Rd8 49. Nb4+ Kxb6 50. Nc2 Kb7 51. Rd3 Bc1 52. b4 Rc8 53. Nxa3 Ra8 54. Nc4 Rxa2 55. Rh3 Bg5 56. Nd6+ Kc7 57. Nxf7 Re2+ 58. Kd3 Rb2 59. Nxg5 fxg5 60. Ke4 Re2+ 61. Kd3 Rg2 62. Ke4 Kd6 63. Ra3 Rxg4+ 64. Kd3 Rf4 65. Ra6+ Kd5 66. Ra5+ Kd6 67. Ra6+ Kd7 68. f6 g4 69. b5 g3 70. hxg3 hxg3 71. f7 Rxf7 72. Rg6 g2 73. b6 Rf2 74. b7 Kc7 75. Rg7+ Kb8 76. Ke4 Re2+ 77. Kd3 Re3+ 78. Kd2 Ra3 79. Ke2 Ra1 0-1